| 000 | 01163nam a2200301 a 4500 | ||
|---|---|---|---|
| 001 | 000112377 | ||
| 003 | CHAP | ||
| 005 | 20220329144301.0 | ||
| 008 | 160307s2016 mx a |sm |||||||spa d | ||
| 010 | _a108838 | ||
| 011 | _a109810 | ||
| 040 | _cCHAP | ||
| 090 | _aTesis | ||
| 100 | 1 |
_aRebollar Contreras, Lucina _9130627 |
|
| 245 | 1 | 0 |
_aLimitantes y retos operativos de la ventanilla única de comercio exterior Mexicana (vucem) _h[En línea] _cpor Lucina Rebollar contreras. |
| 260 |
_aChapingo, Méx. : _bEl autor, _c2016. |
||
| 500 | _aPara ver el contenido del material haga clic en la liga | ||
| 502 | _aTesis (Licenciado en Comercio Internacional) -- UACH. División de Ciencias Económico Administrativo | ||
| 590 |
_aE5652GLJ _b05 _c20160307 _lUCH01 _h1401 |
||
| 590 |
_aE5652GLJ _b05 _c20160307 _lUCH01 _h1401 |
||
| 650 | 1 | 4 |
_aAduanas _xSimplificación administrativa _xAutomatización. _9126114 |
| 650 | 1 | 4 |
_aServicios públicos _xControl de calidad. _9130641 |
| 650 | 1 | 4 |
_aServicios públicos _xMetodología. _9130640 |
| 856 |
_aFinding aid _uhttp://10.13.5.2/tesis/sist112377.pdf _zTeclea aquí |
||
| 901 | _aBK | ||
| 942 | _cTESIS | ||
| 942 | _n0 | ||
| 999 |
_c108838 _d108838 |
||